LEADER 02489nam1 2200457 i 450 001 BVEE019058 005 20170908093208.0 100 $a20140304g15611577||||0itac50 ba 101 | $alat 102 $ait 181 1$6z01$ai $bxxxe 182 1$6z01$an 200 1 $aStatutorum inclytae ciuitatis studiorum'que matris Bononiae. Cum scholiis D. Anibalis Monterentii tomus primus [-tertius] 210 $aBononiae$ctypis Ioannis Rubei$d1561-1577$eBononiae$gapud Ioannem Rossium$h1577 215 $a4 v.$dfol 300 $aCfr. EDIT16, n. 2805 300 $aI vol. 2 e 3 pubblicati nel 1569 e 1574 col tit.: Sanctionum ac prouisionum inclytae ciuitatis, ... tomus secundus [-tertius]; il vol. 4 pubblicato nel 1577 col tit.: Sanctionum ad causas criminales ... lib. omnium V; gli Scholia pubblicati nel 1561 da P. Bonardo 300 $aMarche sui front. e in fine 300 $aCors. ; got. ; rom 300 $aIniziali xil. 463 1$1001UBOE058691$12001 $a˜[4]: œSanctionum ad causas criminales spectantium inclytae ciuitatis, studiorumque matris Bononiae. Lib. omnium 5. Cum doctissimis, accuratissimisque scholijs excellentissimi D. Annibalis Monterentij I.V.D. Bononiensis. Et cum locupletissimo indice alphabetico. Additaque insuper Bulla Pij 5. Pont. Max. contra homicidas, bannitos, & alios facinorosos homines$v4 620 $aIT$dBologna$3MUSL000422 702 1$aMonterenzi$b, Annibale$3BVEV024506 702 0$aIulius$c $3BVEV026043 710 02$aBologna$3CFIV014300$4070$0254748 712 02$aRossi, Giovanni$f <1556-1595>$3BVEV017008$4650 790 0$aGiulio$c $3BVEV034405$zIulius 790 1$aDella Rovere$b, Giuliano$3BVEV034406$zIulius 791 02$aRubeus, Ioannes$f <1556-1595>$3BVEV017011$zRossi, Giovanni <1556-1595> 791 02$aRossi, Giovanni$b : de$3BVEV132570$zRossi, Giovanni <1556-1595> 791 02$aRubrius, Ioannes$f <1556-1595>$3CFIV195176$zRossi, Giovanni <1556-1595> 791 02$aRubei, Giovanni$c $3UM1V011388$zRossi, Giovanni <1556-1595> 791 02$aComune di Bologna$3CFIV081347$zBologna 801 3$aIT$bIT-NA0079$c20140304 850 $aIT-NA0079 912 $aBVEE019058 950 1$aBiblioteca Nazionale Vittorio Emanuele III$bv. 4$cv. 4$d BNSTATUTI 375 967 $m1 977 $a BN 996 $aStatutorum inclytae ciuitatis studiorum'que matris Bononiae. Cum scholiis D. Anibalis Monterentii tomus primus$91480236 997 $aUNISANNIO LEADER 03870nam2 2200685 i 450 001 BVE0074235 005 20251003044055.0 010 $a8871049519 020 $aIT$b95-10215 100 $a20240305d1995 ||||0itac50 ba 101 | $aita 102 $ait 181 1$6z01$ai $bxxxe 182 1$6z01$an 183 1$6z01$anc$2RDAcarrier 200 1 $aˆ1: ‰Licenziamenti individuali, salute e sicurezza negli ambienti di lavoro, rappresentanze dei lavoratori in azienda$fa cura di Bruno Caruso, Massimo D'Antona, Silvana Sciarra 210 $aNapoli \etc.!$cEdizioni scientifiche italiane$d\1995! 215 $a452 p.$d24 cm. 225 | $aCollana del Dipartimento rapporti civili e relazioni economico-sociali nel diritto italiano e comparato$fUniversità degli studi di Napoli$v8 410 0$1001CFI0158715$12001 $aCollana del Dipartimento rapporti civili e relazioni economico-sociali nel diritto italiano e comparato$fUniversità degli studi di Napoli$v8$171201$aUniversità degli studi$c $b : Dipartimento di rapporti civili e relazioni economico-sociali nel diritto italiano e comparato$3CFIV090823 461 1$1001BVE0074233$12001 $aˆIl ‰diritto del lavoro nell'Unione europea$eFrancia, Germania, Gran Bretagna, Spagna$v1 606 $aLicenziamento$xFrancia$2FIR$3PUVC026448$9I 606 $aRappresentanza sindacale$xFrancia$2FIR$3PUVC031396$9I 606 $aLavoro$xSicurezza$xGermania $2FIR$3PUVC037784$9I 606 $aLicenziamento$xGermania $2FIR$3PUVC037788$9I 606 $aLicenziamento$xGran Bretagna$2FIR$3PUVC037789$9I 606 $aLicenziamento$xSpagna$2FIR$3PUVC037790$9I 606 $aRappresentanza sindacale$xGermania $2FIR$3PUVC037791$9I 606 $aRappresentanza sindacale$xGran Bretagna$2FIR$3PUVC037792$9I 606 $aLavoro$xSicurezza$xFrancia$2FIR$3PUVC037794$9I 606 $aLavoro$xSicurezza$xGran Bretagna$2FIR$3PUVC037795$9I 606 $aLavoro$xSicurezza$xSpagna$2FIR$3PUVC037796$9I 606 $aRappresentanza sindacale$xSpagna$2FIR$3PUVC037793$9I 676 $a344.401$9DIRITTO DEL LAVORO. Europa$v22 696 $aLicenziamento individuale 696 $aRappresentanza sindacale alla contrattazione collettiva 696 $aLicenziamento individuale 696 $aLicenziamento individuale 696 $aLicenziamento individuale 696 $aRappresentanza sindacale alla contrattazione collettiva 696 $aRappresentanza sindacale alla contrattazione collettiva 696 $aRappresentanza sindacale alla contrattazione collettiva 699 $aLicenziamento$yLicenziamento individuale 699 $aRappresentanza sindacale$yRappresentanza sindacale alla contrattazione collettiva 699 $aLicenziamento$yLicenziamento individuale 699 $aLicenziamento$yLicenziamento individuale 699 $aLicenziamento$yLicenziamento individuale 699 $aRappresentanza sindacale$yRappresentanza sindacale alla contrattazione collettiva 699 $aRappresentanza sindacale$yRappresentanza sindacale alla contrattazione collettiva 699 $aRappresentanza sindacale$yRappresentanza sindacale alla contrattazione collettiva 702 1$aSciarra$b, Silvana$3CFIV005348 702 1$aD'Antona$b, Massimo$3CFIV037152 702 1$aCaruso$b, Bruno$f <1954- >$3CFIV225226 801 3$aIT$bIT-000000$c20240305 850 $aIT-BN0095 $aIT-NA0079 912 $aBVE0074235 950 2$aBiblioteca Centralizzata di Ateneo$cv. 1$d 01D (AR) 21 647$e 01AR 0700216475 VMA A4(0001 v. 1$fY $h19970929$i20181105 977 $a 01$a BN 996 $aLicenziamenti individuali, salute e sicurezza negli ambienti di lavoro, rappresentanze dei lavoratori in azienda$9886020 997 $aUNISANNIO